| 000 | 00376nam a2200133Ia 4500 | ||
|---|---|---|---|
| 008 | 220325s9999||||xx |||||||||||||| ||und|| | ||
| 084 | _a1128-0056 SUR Gov Bo | ||
| 100 | _aBayu Surianingrat | ||
| 245 | 0 | _aMengenal Ilmu Pemerintahan | |
| 260 |
_aJakarta _bRineka Cipta |
||
| 300 | _ai-1 + 99 hlm | ||
| 650 |
_aGovernment (Pemerintahan) _eG-O-V _yIlmu Pemerintahan |
||
| 942 | _cBK | ||
| 999 |
_c18595 _d18595 |
||